GENETIC IMPROVEMENT OF GROUNDNUT (Record no. 298301)

MARC details
000 -LEADER
fixed length control field 00395nam a2200157 4500
020 ## - INTERNATIONAL STANDARD BOOK NUMBER
International Standard Book Number 81-85211-48-5
082 ## - DEWEY DECIMAL CLASSIFICATION NUMBER
Classification number 634.5
100 ## - MAIN ENTRY--PERSONAL NAME
Personal name T.Ramanathan
245 ## - TITLE STATEMENT
Title GENETIC IMPROVEMENT OF GROUNDNUT
260 ## - PUBLICATION, DISTRIBUTION, ETC. (IMPRINT)
Place of publication, distribution, etc. New Delhi
Name of publisher, distributor, etc. ASSOCIATED PUBLISHING COMPANY
Date of publication, distribution, etc. 2001
300 ## - PHYSICAL DESCRIPTION
Extent 260
500 ## - GENERAL NOTE
General note Taxonomy & Botany Climate and Soil
650 ## - SUBJECT ADDED ENTRY--TOPICAL TERM
Topical term or geographic name as entry element GENETICS
700 ## - ADDED ENTRY--PERSONAL NAME
Personal name T.Ramanathan
942 ## - ADDED ENTRY ELEMENTS (KOHA)
Koha item type Books (General)
Holdings
Withdrawn status Lost status Damaged status Not for loan Home library Current library Date acquired Total Checkouts Full call number Barcode Date last seen Price effective from Koha item type
        College of Agriculture, Padannakkad College of Agriculture, Padannakkad 06/03/2015   634.5 RAM/GE KAU_COAP-04613 06/03/2015 06/03/2015 Books (General)
Kerala Agricultural University Central Library
Thrissur-(Dt.), Kerala Pin:- 680656, India
Ph : (+91)(487) 2372219
E-mail: librarian@kau.in
Website: http://library.kau.in/